| 000 | 00636nam a22002297a 4500 | ||
|---|---|---|---|
| 003 | OSt | ||
| 005 | 20240426170143.0 | ||
| 008 | 210902b ||||| |||| 00| 0 eng d | ||
| 020 | _a3540208070 | ||
| 040 | _cDDC | ||
| 082 | _a539.7 HAK 2004 | ||
| 100 |
_aHaken, Hreman; Wolf, Han C. _914585 |
||
| 245 | _aThe Physics of Atoms and Quanta: introduction to experiments and theory | ||
| 250 | _a7th ed. | ||
| 260 |
_aNew York; _bSpringer _c2004 |
||
| 300 |
_axx,517p; _bill _c25cm |
||
| 504 | _aIncludes; Bibliography, & index | ||
| 650 |
_aPhysics _9809 |
||
| 650 |
_aAtoms _911326 |
||
| 650 |
_aQuanta _916976 |
||
| 942 |
_2ddc _cO_SHELF |
||
| 999 |
_c7085 _d7085 |
||